[Event "Michigan op (Women)"]
[Site "Warren"]
[Date "2004.11.20"]
[Round "1"]
[White "Payne, Ashlee"]
[Black "Gnewuch, Stephanie"]
[Result "1-0"]
[WhiteElo "1242"]
[BlackElo "228"]
[PlyCount "57"]
[EventDate "2004.11.20"]
[EventType "swiss"]
[EventRounds "5"]
[EventCountry "USA"]
[SourceTitle "EXT 2007"]
[Source "ChessBase"]
[SourceDate "2006.11.23"]
[SourceVersion "1"]
[SourceVersionDate "2006.11.23"]
[SourceQuality "1"]

1. d4 Nc6 2. e4 Nf6 3. Nc3 d6 4. Nf3 g6 5. Be3 Bg7 6. Qd2 0-0 7. Bh6 Nxe4 8. Nxe4 Bf5 9. Bd3 Bxe4 10. Bxe4 Ne5 11. dxe5 dxe5 12. Qxd8 Raxd8 13. Bxg7 Kxg7 14. Nxe5 f6 15. Nd3 f5 16. Bf3 e5 17. Nc5 Rb8 18. Ne6+ Kf7 19. Nxf8 Kxf8 20. 0-0 e4 21. Be2 Rd8 22. Rad1 Re8 23. Rd7 Rc8 24. Rfd1 Ke8 25. Rxh7 g5 26. Rdd7 g4 27. Rdg7 Kf8 28. Bc4 f4 29. Rg8# 1-0

[Event "Michigan op (Women)"]
[Site "Warren"]
[Date "2004.11.20"]
[Round "3"]
[White "Payne, Ashlee"]
[Black "Peters, Epiphany M"]
[Result "1-0"]
[WhiteElo "1242"]
[BlackElo "891"]
[PlyCount "85"]
[EventDate "2004.11.20"]
[EventType "swiss"]
[EventRounds "5"]
[EventCountry "USA"]
[SourceTitle "EXT 2007"]
[Source "ChessBase"]
[SourceDate "2006.11.23"]
[SourceVersion "1"]
[SourceVersionDate "2006.11.23"]
[SourceQuality "1"]

1. d4 d5 2. Bf4 Nc6 3. Nc3 Bf5 4. a3 e6 5. Nb5 Bd6 6. Bxd6 cxd6 7. e3 e5 8. dxe5 dxe5 9. Nf3 Nf6 10. Nc3 Qb6 11. b3 0-0 12. Bb5 Qc5 13. Qd2 Ne4 14. Nxe4 dxe4 15. Bxc6 exf3 16. Bxf3 Rad8 17. Qc1 Bxc2 18. 0-0 b6 19. b4 Qc8 20. Re1 Bg6 21. Qxc8 Rxc8 22. Red1 Rc7 23. h3 Rfc8 24. Kh2 h6 25. g3 Rc2 26. Kg1 R8c3 27. Re1 Rb2 28. Re2 Rbb3 29. Bb7 Rxa3 30. Rea2 Rxa2 31. Rxa2 Rc1+ 32. Kg2 Rb1 33. Rxa7 Rxb4 34. Ra8+ Kh7 35. Rb8 b5 36. Bc6 Bd3 37. Bd5 f6 38. h4 Rb1 39. h5 Bf1+ 40. Kh2 Rb2 41. Bg8+ Kh8 42. Bf7+ Kh7 43. Bg6# 1-0

[Event "Michigan (Women)"]
[Site "Warren"]
[Date "2002.11.17"]
[Round "4"]
[White "Coleman, Keyanna"]
[Black "Payne, Ashlee"]
[Result "0-1"]
[WhiteElo "778"]
[BlackElo "1028"]
[PlyCount "100"]
[EventDate "2002.11.17"]
[EventType "swiss"]
[EventRounds "4"]
[EventCountry "USA"]
[SourceTitle "EXT 2009"]
[Source "ChessBase"]
[SourceDate "2008.11.26"]
[SourceVersion "1"]
[SourceVersionDate "2008.11.26"]
[SourceQuality "1"]

1. e4 e5 2. Nf3 d6 3. Bc4 Be7 4. d3 Nd7 5. h4 Nb6 6. Nc3 Nf6 7. Ng5 d5 8. exd5 Bb4 9. d6 Nxc4 10. dxc4 Bxd6 11. Bd2 Qe7 12. Nge4 Be6 13. Bg5 Bxc4 14. Nd5 Bxd5 15. Qxd5 Nxd5 16. Bxe7 Bxe7 17. Rd1 Nf6 18. Nc3 Bc5 19. Nb5 0-0 20. Nxc7 Rac8 21. Nb5 Ng4 22. Rd2 Nxf2 23. Rf1 Ne4 24. Rd3 Nf2 25. Rd2 Ng4 26. Ke2 Rcd8 27. Rfd1 Rxd2+ 28. Rxd2 e4 29. Rd5 Bf2 30. Nd6 Rd8 31. c4 Bg3 32. Nxe4 Re8 33. Kd3 Ne5+ 34. Kc2 Nxc4 35. Kd3 Nxb2+ 36. Kd4 Bc7 37. Nc5 Bb6 38. g4 Na4 39. Kc4 Nxc5 40. h5 Ne6 41. Re5 Rc8+ 42. Kb5 Nd4+ 43. Ka4 Rc4+ 44. Ka3 Bc5+ 45. Kb2 Rc2+ 46. Kb1 f6 47. Re8+ Kf7 48. Rb8 Ba3 49. Rxb7+ Ke6 50. Rxa7 Rc1# 0-1